Readings in sustainable forest management (Record no. 79980)

MARC details
000 -LEADER
fixed length control field 00970nam a2200193 a 4500
008 - FIXED-LENGTH DATA ELEMENTS--GENERAL INFORMATION
fixed length control field 120416s1994 ||||||||||||||||| || u
020 ## - INTERNATIONAL STANDARD BOOK NUMBER
International Standard Book Number 8170892414
050 ## - LIBRARY OF CONGRESS CALL NUMBER
Classification number SD 387.S87 Rea
245 10 - TITLE STATEMENT
Title Readings in sustainable forest management
246 ## -
-- the 10th world forestry congress, pans 1991
260 ## - PUBLICATION, DISTRIBUTION, ETC.
Place of publication, distribution, etc. Dehra Dun
Name of publisher, distributor, etc. International book distributors
Date of publication, distribution, etc. 1994
300 ## - PHYSICAL DESCRIPTION
Extent 266p. ; ill.
350 ## -
-- 0.00
650 ## - SUBJECT ADDED ENTRY--TOPICAL TERM
Topical term or geographic name entry element FORESTRY
650 ## - SUBJECT ADDED ENTRY--TOPICAL TERM
Topical term or geographic name entry element SUSTAINABLE FOREST MANAGEMENT--AMERICA, NORTH
995 ## -
-- ANNEX COLLECTION (Main Library)
-- 0.00
-- 732411FCBU-MAIN LIBRARY (Kitwe)
-- 2
-- 35.00
-- SD 387.S87 Rea
-- 2
-- AVAILABLE
-- 44994
-- Annex Low-Usage Collection
995 ## -
-- MAIN LIBRARY OPEN ACCESS
-- 0.00
-- 732409
-- CBU-MAIN LIBRARY (Kitwe)
-- 1
-- 35.00
-- SD 387.S87 Rea
-- 1
-- AVAILABLE
-- 44992
-- Main Library Open Access Collection
995 ## -
-- BINDERY (DAMAGED)
-- 0.00
-- 732410
-- CBU-MAIN LIBRARY (Kitwe)
-- 3
-- 35.00
-- SD 387.S87 Rea
-- 3
-- DAMAGED
-- 44991
-- Main Library Open Access Collection
999 ## -
-- 79980
-- 79980
Holdings
Withdrawn status Lost status Source of classification or shelving scheme Damaged status Not for loan Permanent Location Current Location Shelving location Date acquired Total Checkouts Full call number Barcode Date last seen Copy number Price effective from Koha item type
          CBU-MAIN LIBRARY, KITWE. CBU-MAIN LIBRARY, KITWE.   06/29/2023   SD 387.S87 Rea 44994 06/29/2023 1 06/29/2023 MONOGRAPH
          CBU-MAIN LIBRARY, KITWE. CBU-MAIN LIBRARY, KITWE.   06/29/2023   SD 387.S87 Rea 44992 06/29/2023 2 06/29/2023 MONOGRAPH
          CBU-MAIN LIBRARY, KITWE. CBU-MAIN LIBRARY, KITWE.   06/29/2023   SD 387.S87 Rea 44991 06/29/2023 3 06/29/2023 MONOGRAPH